Kluby piłkarskie - Bundesliga 18/19 - Statystyki

Ogólne statystyki
  • Ten quiz został rozwiązany 2 189 razy
  • Średni wynik to 14 z 18
Statystyki odpowiedzi
Miasto Nazwa drużyny % Poprawnych
Monachium Bayern Monachium
97%
Dortmund Borussia Dortmund
96%
Lipsk RB Lipsk
94%
Leverkusen Bayer Leverkusen
93%
Berlin Hertha BSC
90%
Wolfsburg VfL Wolfsburg
90%
Mönchengladbach Borussia Mönchengladbach
88%
Brema Werder Brema
88%
Augsburg FC Augsburg
85%
Stuttgart VfB Stuttgart
85%
Düsseldorf Fortuna Düsseldorf
83%
Gelsenkirchen FC Schalke 04
81%
Hanower Hannover 96
80%
Frankfurt nad Menem Eintracht Frankfurt
75%
Fryburg Bryzgowijski SC Freiburg
62%
Norymberga 1. FC Nürnberg
52%
Moguncja 1. FSV Mainz 05
43%
Sinsheim TSG Hoffenheim
34%
Nie znaleziono quizów pasujących do podanych kryteriów
Rozkład punktacji
Procent ludzi z każdym wynikiem
Percentyl według liczby udzielonych odpowiedzi
Twoja historia wyników
Nie rozwiązałeś tego quizu